Mineral deposits of the Cerbat Range, Black Mountains, and Grand Wash Cliffs, Mohave county, Arizona / (Record no. 24889)

MARC details
000 -LEADER
fixed length control field 00852cam a22002411i 4500
001 - CONTROL NUMBER
control field gs 10000001
003 - CONTROL NUMBER IDENTIFIER
control field DLC
005 - DATE AND TIME OF LATEST TRANSACTION
control field 20260227111309.0
008 - FIXED-LENGTH DATA ELEMENTS--GENERAL INFORMATION
fixed length control field 790420s1909 dcuabf f001 0 eng
010 ## - LIBRARY OF CONGRESS CONTROL NUMBER
LC control number gs 10000001
035 ## - SYSTEM CONTROL NUMBER
System control number (OCoLC)4879208
040 ## - CATALOGING SOURCE
Original cataloging agency DLC
Transcribing agency ICharE
Modifying agency DLC
042 ## - AUTHENTICATION CODE
Authentication code premarc
043 ## - GEOGRAPHIC AREA CODE
Geographic area code n-us-az
050 00 - LIBRARY OF CONGRESS CALL NUMBER
Classification number TN24.A6
Item number S3
100 1# - MAIN ENTRY--PERSONAL NAME
Personal name Schrader, Frank Charles,
Dates associated with a name 1860-1944.
245 10 - TITLE STATEMENT
Title Mineral deposits of the Cerbat Range, Black Mountains, and Grand Wash Cliffs, Mohave county, Arizona /
Statement of responsibility, etc. by F.C. Schrader.
260 ## - PUBLICATION, DISTRIBUTION, ETC.
Place of publication, distribution, etc. Washington,
Name of publisher, distributor, etc. Govt. Print. Off.,
Date of publication, distribution, etc. 1909.
300 ## - PHYSICAL DESCRIPTION
Extent 226 p. :
Other physical details ill., xvi pl. (part fold., incl. maps) diagrs. ;
Dimensions 24 cm.
490 1# - SERIES STATEMENT
Series statement U.S. Geological survey. Bulletin 397
650 #0 - SUBJECT ADDED ENTRY--TOPICAL TERM
Topical term or geographic name entry element Mines and mineral resources
Geographic subdivision Arizona.
810 1# - SERIES ADDED ENTRY--CORPORATE NAME
Corporate name or jurisdiction name as entry element United States.
Subordinate unit Geological Survey.
Title of a work Bulletin ;
Volume/sequential designation 397.

No items available.

Powered by Koha